Bài tập sức bền vật liệu
Wedi'i Gadw mewn:
| Prif Awdur: | |
|---|---|
| Fformat: | Llyfr |
| Iaith: | Undetermined |
| Cyhoeddwyd: |
H.
Xây dựng
2008
|
| Pynciau: | |
| Mynediad Ar-lein: | http://lrc.tdmu.edu.vn/opac/search/detail.asp?aID=2&ID=3575 |
| Tagiau: |
Ychwanegu Tag
Dim Tagiau, Byddwch y cyntaf i dagio'r cofnod hwn!
|
| Thư viện lưu trữ: | Trung tâm Học liệu Trường Đại học Thủ Dầu Một |
|---|
| LEADER | 00604nam a2200193Ia 4500 | ||
|---|---|---|---|
| 001 | TDMU_3575 | ||
| 008 | 210410s9999 xx 000 0 und d | ||
| 082 | |a 620.1 0076 | ||
| 090 | |b V500 | ||
| 100 | |a Vũ, Đình Lai | ||
| 245 | 0 | |a Bài tập sức bền vật liệu | |
| 245 | 0 | |c Vũ Đình Lai | |
| 260 | |a H. | ||
| 260 | |b Xây dựng | ||
| 260 | |c 2008 | ||
| 300 | |a 492tr. | ||
| 650 | |a Sức bền vật liệu |v Bài tập | ||
| 856 | |u http://lrc.tdmu.edu.vn/opac/search/detail.asp?aID=2&ID=3575 | ||
| 980 | |a Trung tâm Học liệu Trường Đại học Thủ Dầu Một | ||